LDR 00803naa#a2200181#i#450# 001 EN\\bibl\122825 005 20260605060826.5 011 ## _a2686-9896 100 ## _a20260515b2026####ek#y0engy0150####ca 102 ## _aRU 200 1# _aIMPLEMENTATION OF A CORPORATE PORTAL SOLUTION BASED ON A MODERN TECHNOLOGY STACK _eJournal article 210 1# _aAngarsk _cFederal State Funded Educational Establishment of Higher Education «Angarsk State Technical University» _d2026 215 ## _a1 с. 608 ## _aJournal article _2local 675 ## _aИнформационные технологии. Компьютерные технологии. Теория вычислительных машин и систем. 004 _z 700 #1 _aErofeev _gErmak Vladimirovich 700 #1 _aEremina _gIrina Michailovna 856 4# _aangtu.editorum.ru _u